[Event "European Online Club-ch-C 2021"]
[Site "Online"]
[Date "2021.03.27"]
[Round "4.17"]
[White "Bluebaum, Matthias"]
[Black "Nguyen, Thai Dai Van"]
[Result "1-0"]
[WhiteElo "2670"]
[BlackElo "2577"]
[Annotator "RC"]
[PlyCount "63"]
[EventDate "2021.03.27"]
[EventType "team-tourn"]
[EventCountry "NET"]
[SourceTitle "playchess.com"]
[Source "ChessBase"]
[SourceQuality "1"]
[TimeControl "900+5"]

1. d4 {[%emt 0:00:00]} d5 {[%emt 0:00:03]} 2. Nf3 {[%emt 0:00:02]} Nf6 {[%emt 0:00:03]} 3. e3 {[%emt 0:00:02]} c5 {[%emt 0:00:02]} 4. Nbd2 {[%emt 0:00:21]} Nc6 {[%emt 0:00:40]} 5. c3 {[%emt 0:00:16]} cxd4 {[%emt 0:02:23]} 6. exd4 {[%emt 0:00:00]} Bf5 {[%emt 0:00:01]} 7. Nh4 {[%emt 0:00:12]} e6 {[%emt 0:00:39]} 8. Nxf5 {[%emt 0:00:29]} exf5 {[%emt 0:00:00]} 9. Bd3 {[%emt 0:00:24]} g6 {[%emt 0:01:08]} 10. O-O {[%emt 0:00:50]} Be7 {[%emt 0:00:31]} 11. Qb3 {[%emt 0:00:35]} Qc7 {[%emt 0:00:15]} 12. Nf3 {[%emt 0:00:04]} O-O {[%emt 0:00:01]} 13. Bg5 {[%emt 0:00:20]} Rad8 {[%emt 0:00:11]} 14. Bxf6 {[%emt 0:01:21]} Bxf6 {[%emt 0:00:12]} 15. Rfe1 {[%emt 0:00:02]} Na5 {[%emt 0:00:44]} 16. Qa4 {[%emt 0:01:03]} a6 {[%emt 0:00:52]} 17. Re2 {[%emt 0:00:03]} b5 {[%emt 0:00:42]} 18. Qa3 {[%emt 0:00:06]} Qb6 {[%emt 0:00:05]} 19. Rae1 {[%emt 0:00:57]} Rb8 {[%emt 0:01:47]} 20. Qb4 {[%emt 0:02:28]} Nc6 {[%emt 0:00:41]} 21. Qb3 {[%emt 0:00:04]} Rfd8 {[%emt 0:00:01]} 22. a3 {[%emt 0:00:22]} a5 {[%emt 0:00:08]} 23. h4 {[%emt 0:01:35]} b4 {[%emt 0:00:22]} 24. axb4 {[%emt 0:00:00]} axb4 {[%emt 0:00:03]} 25. Qc2 {[%emt 0:00:02]} bxc3 {[%emt 0:00:07]} 26. bxc3 {[%emt 0:00:00]} Qb3 {[%emt 0:00:59]} 27. Bxf5 {[%emt 0:00:50]} Na5 {[%emt 0:01:36]} 28. Bd3 {[%emt 0:00:34]} Rdc8 {[%emt 0:00:03]} 29. Qd2 {[%emt 0:01:15]} h5 {[%emt 0:02:31]} 30. Bxg6 {[%emt 0:00:35]} fxg6 {[%emt 0:00:00]} 31. Qh6 {[%emt 0:00:02]} Bg7 {[%emt 0:00:04]} 32. Qxg6 {[%emt 0:00:02]} 1-0

[Event "European Online Club-ch-C 2021"]
[Site "Online"]
[Date "2021.03.27"]
[Round "4.18"]
[White "Michalik, Peter"]
[Black "Donchenko, Alexander"]
[Result "1/2-1/2"]
[WhiteElo "2594"]
[BlackElo "2678"]
[Annotator "TA"]
[PlyCount "139"]
[EventDate "2021.03.27"]
[EventType "team-tourn"]
[EventCountry "NET"]
[SourceTitle "playchess.com"]
[Source "ChessBase"]
[SourceQuality "1"]

{[%evp 24,139,-17,-22,22,24,31,22,29,29,29,23,44,0,8,0,0,-6,-8,-10,0,0,0,0,0,-6,0,-22,0,-31,-5,-29,-12,-117,-70,-165,-155,-272,-162,-269,-125,-191,-188,-168,-171,-184,-170,-181,-163,-154,-100,-187,-137,-156,-91,-195,-93,-93,-93,-93,-93,-93,-22,-93,-61,-61,-61,-61,-61,-61,-61,-61,-61,-61,-61,-61,-61,-61,427,-61,-61,-61,-61,-479,-220,-5616,-12184,-5600,-4150,-29976,-29977,-29976,-29978,-29977,-29979,-29979,-29976,-29977,-29978,-29978,-29979,-29979,-29980,-29980,0,0,0,0,0,0,0,0,0,0,0,0,0,0]} 1. d4 Nf6 2. c4 e6 3. Nf3 d5 4. Nc3 dxc4 5. e3 a6 6. a4 c5 7. Bxc4 Nc6 8. O-O Qc7 9. Qe2 Be7 10. Rd1 O-O 11. d5 exd5 12. Nxd5 Nxd5 13. Bxd5 Bg4 {D27: Queen's Gambit Accepted: Classical main line: 7 e4!? and 7 a4.} 14. h3 Bh5 15. Bd2 Bf6 16. Bc3 Bxc3 17. bxc3 Rad8 {[#]} 18. Rd2 $146 ({Predecessor:} 18. Rab1 Rb8 19. Qc4 Bxf3 20. Bxf3 Ne5 21. Qf4 Nxf3+ 22. Qxf3 h6 23. Qf5 Rfd8 24. c4 {0-1 (60) Tran,T-Le,T (2164) Thua Thien Hue 2000}) 18... Nd4 19. cxd4 Rxd5 20. dxc5 Bxf3 21. gxf3 Rg5+ 22. Kh1 Rh5 23. Kg2 Rg5+ (23... Qc8 {is interesting.} 24. Rh1 Rxc5 25. Rd4 Qc6 26. h4 Rf5) 24. Kh1 Qxc5 $40 {[%mdl 128] White needs to defend precisely.} 25. Rd4 Qc6 26. Rg4 (26. Qd1 {keeps more tension.} Rh5 27. Kh2 Qe6 28. Qf1 Rd5 29. Rad1) 26... Rc5 27. Kg2 h5 28. Rg3 (28. Rd4 $11) 28... g6 29. Rb1 (29. Qd3 $15) 29... Rd8 $1 $19 30. Qa2 (30. Qb2 $17) 30... Rd7 (30... Rc2 $142 31. Rb2 Rc1) 31. Rb2 (31. a5 {was called for.}) 31... Rc4 (31... Rc1 $19 {And now ...Rdd1 would win.} 32. Rd2 Rxd2 33. Qxd2 Qc4) 32. a5 (32. Rb6 $17 Qxa4 33. Qxa4 Rxa4 34. Rg5) 32... Ra4 33. Qb1 {Rb6 is the strong threat.} Rxa5 34. Rb6 {[#]} Rb5 $1 {[%cal Rb5b6]} 35. Rxb5 axb5 {[%mdl 4096] Endgame KQR-KQR} ({Inferior is} 35... Qxb5 36. Qxb5 axb5 37. Rg5 $11) 36. e4 {intending Rg5.} Qc5 (36... Rd4 $142 37. Rg5 b4) 37. h4 (37. f4 $17 {was the only defense.}) 37... b4 38. Rg5 {[#]} Qc4 (38... Qb6 $142 $1 39. Qf1 Rd2) 39. Ra5 {[#]} (39. Qf1 $17 {might work better.} Qa2 40. Qb5) 39... Rd2 (39... Rd3 $1 $19 {has better winning chances.} 40. Qa1 Qc3) 40. Ra8+ $17 Kg7 41. Qa1+ Qc3 42. Qa7 Qe5 (42... Qd4 $17 43. Qxd4+ Rxd4) 43. Qb6 (43. Rb8 $1 $11) 43... b3 44. Qb4 Qd6 {[%cal Rd6b4]} 45. Ra4 Qxb4 46. Rxb4 $15 {KR-KR} b2 47. Rxb7 Kf6 48. f4 Ke6 49. Kf3 Kd6 {White must now prevent ...Kc6.} 50. Ke3 Kc6 $2 {[%mdl 8192]} 51. Rb8 $2 (51. Kxd2 $18 Kxb7 52. Kc2) 51... Rc2 {Strongly threatening ...Kc5.} 52. f3 $1 Kc5 {Threatens to win with ...Kc4.} 53. f5 $2 {[%mdl 8192]} ({Only move:} 53. Kd3 $15 Rh2 54. Rb7) 53... gxf5 (53... Kc4 $142 54. fxg6 fxg6) 54. e5 $2 (54. Kd3 Rf2 55. exf5) 54... Kc4 $19 55. Kf4 Kc3 56. Kxf5 Rc1 57. Kf6 b1=Q 58. Rxb1 Rxb1 59. Kxf7 {KR-K3P} Rf1 60. e6 Rxf3+ {KR-KPP} 61. Kg6 Kd4 62. Kxh5 Re3 63. Kg5 Rxe6 $2 {KR-KP} (63... Ke5 {mates} 64. e7 Kd6 65. h5 Kxe7 66. Kg6 Ke6 67. Kg5 Re1 68. h6 Rh1 69. Kf4 Rxh6 70. Ke4 Rh4+ 71. Kf3 Ke5 72. Ke3 Rh3+ 73. Ke2 Kd4 74. Kf2 Ke4 75. Ke2 Rh2+ 76. Ke1 Kd3 77. Kf1 Ke3 78. Kg1 Rf2 79. Kh1 Kf3 80. Kg1 Kg3 81. Kh1 Rf1#) 64. h5 $11 {The position is equal.} Ke5 {( -> ...Re8)} 65. h6 Rf6 (65... Re8 {with more complications.} 66. h7 Ke4 67. Kg6 Rd8 68. Kg7 Rd7+) 66. h7 Rf8 67. Kg6 Ke6 68. Kg7 Rf7+ 69. Kg8 Rxh7 70. Kxh7 {And White is the lucky defender.  Weighted Error Value: White=0.82/Black=0.39} 1/2-1/2

[Event "European Online Club-ch-C 2021"]
[Site "Online"]
[Date "2021.03.27"]
[Round "4.19"]
[White "Heimann, Andreas"]
[Black "Plat, Vojtech"]
[Result "1/2-1/2"]
[WhiteElo "2606"]
[BlackElo "2552"]
[Annotator "ChessBase"]
[PlyCount "93"]
[EventDate "2021.03.27"]
[EventType "team-tourn"]
[EventCountry "NET"]
[SourceTitle "playchess.com"]
[Source "ChessBase"]
[SourceQuality "1"]
[TimeControl "900+5"]

1. e4 {[%emt 0:00:00]} e5 {[%emt 0:00:04]} 2. Nf3 {[%emt 0:00:02]} Nc6 {[%emt 0:00:02]} 3. Bb5 {[%emt 0:00:04]} a6 {[%emt 0:00:02]} 4. Ba4 {[%emt 0:00:01]} g6 {[%emt 0:00:02]} 5. h4 {[%emt 0:00:47]} Bg7 {[%emt 0:01:08]} 6. h5 {[%emt 0:00:10]} Nge7 {[%emt 0:00:34]} 7. d3 {[%emt 0:00:15]} d5 {[%emt 0:01:41]} 8. Bg5 {[%emt 0:01:58]} Qd6 {[%emt 0:03:40]} 9. h6 {[%emt 0:03:10]} Bf6 {[%emt 0:00:43]} 10. Bxf6 {[%emt 0:04:42]} Qxf6 {[%emt 0:00:04]} 11. Nc3 {[%emt 0:00:00]} d4 {[%emt 0:00:04]} 12. Nd5 {[%emt 0:00:01]} Qd6 {[%emt 0:01:57]} 13. Nxe7 {[%emt 0:00:04]} Kxe7 {[%emt 0:00:02]} 14. c3 {[%emt 0:00:29]} dxc3 {[%emt 0:01:01]} 15. bxc3 {[%emt 0:00:00]} Bg4 {[%emt 0:00:16]} 16. Qd2 {[%emt 0:00:03]} Bxf3 {[%emt 0:00:30]} 17. gxf3 {[%emt 0:00:00]} Rad8 {[%emt 0:00:50]} 18. Rd1 {[%emt 0:00:04]} b5 {[%emt 0:01:44]} 19. Bb3 {[%emt 0:00:03]} Na5 {[%emt 0:00:02]} 20. d4 {[%emt 0:00:29]} c5 {[%emt 0:00:08]} 21. Bd5 {[%emt 0:00:06]} cxd4 {[%emt 0:00:34]} 22. cxd4 {[%emt 0:00:04]} Nc4 {[%emt 0:00:02]} 23. Bxc4 {[%emt 0:01:13]} bxc4 {[%emt 0:00:02]} 24. dxe5 {[%emt 0:00:56]} Qxd2+ {[%emt 0:00:03]} 25. Rxd2 {[%emt 0:00:00]} Ke6 {[%emt 0:00:26]} 26. f4 {[%emt 0:00:30]} g5 {[%emt 0:00:03]} 27. fxg5 {[%emt 0:00:21]} Kxe5 {[%emt 0:00:01]} 28. Rh3 {[%emt 0:01:02]} Rxd2 {[%emt 0:00:22]} 29. Kxd2 {[%emt 0:00:00]} Kxe4 {[%emt 0:00:06]} 30. Kc3 {[%emt 0:00:44]} Rc8 {[%emt 0:00:18]} 31. Re3+ {[%emt 0:00:12]} Kf4 {[%emt 0:00:10]} 32. Re7 {[%emt 0:00:01]} Kxg5 {[%emt 0:00:04]} 33. Rxf7 {[%emt 0:00:01]} Kg6 {[%emt 0:00:26]} 34. Rf4 {[%emt 0:00:09]} Rc6 {[%emt 0:00:05]} 35. Rh4 {[%emt 0:00:08]} Kg5 {[%emt 0:00:02]} 36. Rh3 {[%emt 0:00:01]} Rxh6 {[%emt 0:00:08]} 37. Rg3+ {[%emt 0:00:02]} Kf4 {[%emt 0:00:02]} 38. Kxc4 {[%emt 0:00:00]} Rh2 {[%emt 0:00:08]} 39. Rg7 {[%emt 0:00:03]} Rxf2 {[%emt 0:00:16]} 40. Rxh7 {[%emt 0:00:02]} Rxa2 {[%emt 0:00:03]} 41. Kb3 {[%emt 0:00:02]} Ra1 {[%emt 0:00:04]} 42. Re7 {[%emt 0:00:03]} Kf5 {[%emt 0:00:04]} 43. Re2 {[%emt 0:00:02]} a5 {[%emt 0:00:03]} 44. Ra2 {[%emt 0:00:02]} Rxa2 {[%emt 0:00:02]} 45. Kxa2 {[%emt 0:00:00]} a4 {[%emt 0:00:01]} 46. Ka3 {[%emt 0:00:01]} Ke4 {[%emt 0:00:02]} 47. Kxa4 {[%emt 0:00:00]} 1/2-1/2

[Event "European Online Club-ch-C 2021"]
[Site "Online"]
[Date "2021.03.27"]
[Round "4.20"]
[White "Krejci, Jan"]
[Black "Keymer, Vincent"]
[Result "1/2-1/2"]
[WhiteElo "2540"]
[BlackElo "2591"]
[Annotator "ChessBase"]
[PlyCount "90"]
[EventDate "2021.03.27"]
[EventType "team-tourn"]
[EventCountry "NET"]
[SourceTitle "playchess.com"]
[Source "ChessBase"]
[SourceQuality "1"]
[TimeControl "900+5"]

1. c4 {[%emt 0:00:00]} c6 {[%emt 0:00:13]} 2. Nf3 {[%emt 0:00:04]} d5 {[%emt 0:00:01]} 3. e3 {[%emt 0:00:01]} Nf6 {[%emt 0:00:02]} 4. Nc3 {[%emt 0:00:02]} e6 {[%emt 0:00:01]} 5. b3 {[%emt 0:00:23]} Bd6 {[%emt 0:00:02]} 6. Bb2 {[%emt 0:00:02]} O-O {[%emt 0:00:01]} 7. d4 {[%emt 0:00:10]} Nbd7 {[%emt 0:00:04]} 8. Bd3 {[%emt 0:00:08]} Qe7 {[%emt 0:00:32]} 9. Qc2 {[%emt 0:00:22]} e5 {[%emt 0:01:47]} 10. cxd5 {[%emt 0:00:21]} cxd5 {[%emt 0:00:04]} 11. dxe5 {[%emt 0:00:50]} Nxe5 {[%emt 0:00:02]} 12. Nxe5 {[%emt 0:00:03]} Bxe5 {[%emt 0:03:37]} 13. Ne2 {[%emt 0:01:01]} Bg4 {[%emt 0:00:33]} 14. Bxe5 {[%emt 0:00:09]} Qxe5 {[%emt 0:00:00]} 15. O-O {[%emt 0:00:56]} Rac8 {[%emt 0:00:09]} 16. Qd2 {[%emt 0:00:01]} Bxe2 {[%emt 0:00:02]} 17. Qxe2 {[%emt 0:00:10]} Rc3 {[%emt 0:00:09]} 18. Rac1 {[%emt 0:00:19]} Rfc8 {[%emt 0:00:02]} 19. Rxc3 {[%emt 0:00:02]} Rxc3 {[%emt 0:00:00]} 20. Rd1 {[%emt 0:00:08]} Qc7 {[%emt 0:00:41]} 21. Qd2 {[%emt 0:00:41]} h5 {[%emt 0:00:57]} 22. h3 {[%emt 0:00:05]} Rc5 {[%emt 0:00:18]} 23. Qb2 {[%emt 0:00:42]} a5 {[%emt 0:00:18]} 24. Qd4 {[%emt 0:00:45]} Rc1 {[%emt 0:00:12]} 25. Rxc1 {[%emt 0:00:02]} Qxc1+ {[%emt 0:00:00]} 26. Kh2 {[%emt 0:00:02]} Qc7+ {[%emt 0:00:06]} 27. g3 {[%emt 0:00:19]} b6 {[%emt 0:00:08]} 28. Kg2 {[%emt 0:00:08]} Kf8 {[%emt 0:01:20]} 29. a3 {[%emt 0:00:29]} Qd6 {[%emt 0:01:23]} 30. b4 {[%emt 0:00:13]} axb4 {[%emt 0:00:02]} 31. axb4 {[%emt 0:00:00]} Ke7 {[%emt 0:00:04]} 32. Be2 {[%emt 0:00:20]} g6 {[%emt 0:00:32]} 33. Bf3 {[%emt 0:00:04]} Ke6 {[%emt 0:00:23]} 34. g4 {[%emt 0:00:24]} hxg4 {[%emt 0:00:07]} 35. hxg4 {[%emt 0:00:00]} Nd7 {[%emt 0:00:46]} 36. Qc3 {[%emt 0:01:22]} Ne5 {[%emt 0:00:19]} 37. Qc8+ {[%emt 0:00:15]} Kf6 {[%emt 0:00:03]} 38. Qc3 {[%emt 0:00:06]} Ke7 {[%emt 0:00:13]} 39. Qd4 {[%emt 0:00:10]} Ke6 {[%emt 0:00:15]} 40. Be2 {[%emt 0:01:18]} Nd7 {[%emt 0:00:16]} 41. Bf3 {[%emt 0:00:09]} Qe5 {[%emt 0:00:09]} 42. Qd3 {[%emt 0:00:13]} Qd6 {[%emt 0:00:25]} 43. Qd4 {[%emt 0:00:02]} Ne5 {[%emt 0:00:26]} 44. Be2 {[%emt 0:00:03]} Ke7 {[%emt 0:00:01]} 45. Bf3 {[%emt 0:00:18]} Ke6 {[%emt 0:00:11]} 1/2-1/2

[Event "European Online Club-ch-C 2021"]
[Site "Online"]
[Date "2021.03.27"]
[Round "5.1"]
[White "Michalik, Peter"]
[Black "Sahin, Ozgun"]
[Result "1-0"]
[WhiteElo "2594"]
[BlackElo "2281"]
[Annotator "ChessBase"]
[PlyCount "51"]
[EventDate "2021.03.27"]
[EventType "team-tourn"]
[EventCountry "NET"]
[SourceTitle "playchess.com"]
[Source "ChessBase"]
[SourceQuality "1"]
[TimeControl "900+5"]

1. d4 {[%emt 0:00:00]} d5 {[%emt 0:00:04]} 2. c4 {[%emt 0:00:02]} e6 {[%emt 0:00:01]} 3. Nf3 {[%emt 0:00:02]} Nf6 {[%emt 0:00:02]} 4. Nc3 {[%emt 0:00:02]} Be7 {[%emt 0:00:04]} 5. Bf4 {[%emt 0:00:03]} O-O {[%emt 0:00:04]} 6. a3 {[%emt 0:00:07]} c5 {[%emt 0:00:26]} 7. dxc5 {[%emt 0:00:18]} Bxc5 {[%emt 0:00:06]} 8. e3 {[%emt 0:00:02]} Nc6 {[%emt 0:00:39]} 9. Qc2 {[%emt 0:00:15]} Bd6 {[%emt 0:03:10]} 10. Bg5 {[%emt 0:00:13]} Be7 {[%emt 0:00:20]} 11. Rd1 {[%emt 0:00:25]} Qa5 {[%emt 0:00:08]} 12. Bd3 {[%emt 0:01:25]} h6 {[%emt 0:00:10]} 13. Bh4 {[%emt 0:00:07]} dxc4 {[%emt 0:00:22]} 14. Bxc4 {[%emt 0:00:07]} a6 {[%emt 0:00:17]} 15. O-O {[%emt 0:00:05]} b5 {[%emt 0:00:55]} 16. Ba2 {[%emt 0:00:15]} Bb7 {[%emt 0:00:14]} 17. Bb1 {[%emt 0:00:29]} g6 {[%emt 0:01:09]} 18. Bxf6 {[%emt 0:00:39]} Bxf6 {[%emt 0:00:03]} 19. Ne4 {[%emt 0:00:10]} Bg7 {[%emt 0:00:26]} 20. Nc5 {[%emt 0:00:11]} Bc8 {[%emt 0:00:23]} 21. h4 {[%emt 0:00:11]} h5 {[%emt 0:01:12]} 22. Ng5 {[%emt 0:00:09]} e5 {[%emt 0:00:37]} 23. Nd7 {[%emt 0:00:25]} Bxd7 {[%emt 0:01:04]} 24. Rxd7 {[%emt 0:00:00]} Qb6 {[%emt 0:00:05]} 25. Rd6 {[%emt 0:00:43]} Rac8 {[%emt 0:00:11]} 26. Rc1 {[%emt 0:00:12]} 1-0

[Event "European Online Club-ch-C 2021"]
[Site "Online"]
[Date "2021.03.27"]
[Round "5.2"]
[White "Okuyaz, Duru"]
[Black "Plat, Vojtech"]
[Result "1-0"]
[WhiteElo "2076"]
[BlackElo "2552"]
[Annotator "ChessBase"]
[PlyCount "67"]
[EventDate "2021.03.27"]
[EventType "team-tourn"]
[EventCountry "NET"]
[SourceTitle "playchess.com"]
[Source "ChessBase"]
[SourceQuality "1"]
[TimeControl "900+5"]

1. e4 {[%emt 0:00:00]} d6 {[%emt 0:00:08]} 2. d4 {[%emt 0:00:04]} Nf6 {[%emt 0:00:02]} 3. Nc3 {[%emt 0:00:01]} e5 {[%emt 0:00:01]} 4. Nf3 {[%emt 0:00:13]} exd4 {[%emt 0:00:02]} 5. Nxd4 {[%emt 0:00:01]} Be7 {[%emt 0:00:02]} 6. Be2 {[%emt 0:00:11]} O-O {[%emt 0:00:02]} 7. O-O {[%emt 0:00:04]} Re8 {[%emt 0:00:01]} 8. Be3 {[%emt 0:00:14]} Bf8 {[%emt 0:00:04]} 9. f3 {[%emt 0:00:02]} d5 {[%emt 0:00:04]} 10. Bg5 {[%emt 0:00:51]} dxe4 {[%emt 0:00:21]} 11. Nxe4 {[%emt 0:00:24]} Be7 {[%emt 0:00:02]} 12. Nxf6+ {[%emt 0:00:52]} Bxf6 {[%emt 0:00:03]} 13. Bxf6 {[%emt 0:00:04]} Qxf6 {[%emt 0:00:02]} 14. c3 {[%emt 0:00:17]} a6 {[%emt 0:00:03]} 15. Bc4 {[%emt 0:00:11]} c5 {[%emt 0:00:04]} 16. Ne2 {[%emt 0:00:39]} Nc6 {[%emt 0:00:03]} 17. Ng3 {[%emt 0:00:12]} Bf5 {[%emt 0:00:33]} 18. Qb3 {[%emt 0:00:46]} Bg6 {[%emt 0:01:45]} 19. Bd5 {[%emt 0:01:16]} b5 {[%emt 0:00:04]} 20. Ne4 {[%emt 0:00:09]} Bxe4 {[%emt 0:01:27]} 21. fxe4 {[%emt 0:00:11]} Qh6 {[%emt 0:00:22]} 22. Bxf7+ {[%emt 0:00:29]} Kh8 {[%emt 0:00:02]} 23. Bxe8 {[%emt 0:00:09]} Rxe8 {[%emt 0:00:02]} 24. Qf7 {[%emt 0:00:13]} Rg8 {[%emt 0:00:03]} 25. Qf5 {[%emt 0:00:39]} Qe3+ {[%emt 0:00:17]} 26. Kh1 {[%emt 0:00:07]} Na5 {[%emt 0:00:10]} 27. Rad1 {[%emt 0:00:11]} Nc4 {[%emt 0:00:05]} 28. b3 {[%emt 0:02:10]} Nd2 {[%emt 0:00:05]} 29. Rfe1 {[%emt 0:00:06]} Qxc3 {[%emt 0:00:03]} 30. e5 {[%emt 0:00:25]} c4 {[%emt 0:00:10]} 31. e6 {[%emt 0:00:32]} cxb3 {[%emt 0:00:02]} 32. axb3 {[%emt 0:00:03]} Nxb3 {[%emt 0:00:17]} 33. e7 {[%emt 0:00:08]} Nd4 {[%emt 0:00:03]} 34. Qd5 {[%emt 0:00:18]} 1-0

[Event "European Online Club-ch-C 2021"]
[Site "Online"]
[Date "2021.03.27"]
[Round "5.3"]
[White "Stocek, Jiri"]
[Black "Gallevci, Yagiz"]
[Result "1-0"]
[WhiteElo "2604"]
[BlackElo "2069"]
[Annotator "ChessBase"]
[PlyCount "85"]
[EventDate "2021.03.27"]
[EventType "team-tourn"]
[EventCountry "NET"]
[SourceTitle "playchess.com"]
[Source "ChessBase"]
[SourceQuality "1"]
[TimeControl "900+5"]

1. c4 {[%emt 0:00:00]} c6 {[%emt 0:00:06]} 2. Nf3 {[%emt 0:00:22]} d5 {[%emt 0:00:05]} 3. g3 {[%emt 0:00:02]} Nf6 {[%emt 0:00:02]} 4. Bg2 {[%emt 0:00:09]} Bf5 {[%emt 0:00:47]} 5. Qb3 {[%emt 0:00:32]} Qb6 {[%emt 0:00:34]} 6. d3 {[%emt 0:00:08]} e6 {[%emt 0:00:43]} 7. Be3 {[%emt 0:00:16]} Qxb3 {[%emt 0:00:40]} 8. axb3 {[%emt 0:00:02]} Na6 {[%emt 0:00:00]} 9. O-O {[%emt 0:01:37]} Bg4 {[%emt 0:01:46]} 10. h3 {[%emt 0:02:55]} Bxf3 {[%emt 0:00:04]} 11. Bxf3 {[%emt 0:00:03]} Bd6 {[%emt 0:01:06]} 12. Nc3 {[%emt 0:00:51]} Ke7 {[%emt 0:00:55]} 13. Rfd1 {[%emt 0:00:18]} Rhd8 {[%emt 0:00:26]} 14. g4 {[%emt 0:01:09]} Nb4 {[%emt 0:05:55]} 15. Bxa7 {[%emt 0:01:11]} Nd7 {[%emt 0:01:39]} 16. Be3 {[%emt 0:03:01]} Nc2 {[%emt 0:00:09]} 17. Rxa8 {[%emt 0:00:34]} Rxa8 {[%emt 0:00:00]} 18. d4 {[%emt 0:00:18]} Nxe3 {[%emt 0:01:03]} 19. fxe3 {[%emt 0:00:03]} Bb4 {[%emt 0:00:01]} 20. cxd5 {[%emt 0:00:43]} cxd5 {[%emt 0:00:22]} 21. e4 {[%emt 0:00:17]} Bxc3 {[%emt 0:00:11]} 22. bxc3 {[%emt 0:00:03]} Nb6 {[%emt 0:00:09]} 23. exd5 {[%emt 0:00:07]} exd5 {[%emt 0:00:00]} 24. e4 {[%emt 0:00:12]} Ra3 {[%emt 0:00:02]} 25. Rb1 {[%emt 0:00:04]} Kd6 {[%emt 0:00:08]} 26. e5+ {[%emt 0:00:14]} Ke6 {[%emt 0:00:04]} 27. Rb2 {[%emt 0:00:05]} Ra1+ {[%emt 0:00:04]} 28. Kf2 {[%emt 0:00:02]} Rc1 {[%emt 0:00:01]} 29. c4 {[%emt 0:00:06]} f6 {[%emt 0:00:16]} 30. exf6 {[%emt 0:00:16]} gxf6 {[%emt 0:00:01]} 31. c5 {[%emt 0:00:31]} Nc8 {[%emt 0:00:10]} 32. Re2+ {[%emt 0:00:02]} Kd7 {[%emt 0:00:01]} 33. Bxd5 {[%emt 0:00:03]} Rd1 {[%emt 0:00:00]} 34. Be6+ {[%emt 0:00:06]} Kd8 {[%emt 0:00:02]} 35. d5 {[%emt 0:00:02]} Ne7 {[%emt 0:00:01]} 36. d6 {[%emt 0:00:04]} Nc6 {[%emt 0:00:12]} 37. Bf5 {[%emt 0:00:10]} h6 {[%emt 0:00:06]} 38. Re6 {[%emt 0:00:08]} Nd4 {[%emt 0:00:12]} 39. Rxf6 {[%emt 0:00:09]} Ke8 {[%emt 0:00:00]} 40. d7+ {[%emt 0:00:08]} Ke7 {[%emt 0:00:02]} 41. Rf7+ {[%emt 0:00:42]} Kxf7 {[%emt 0:00:02]} 42. d8=Q {[%emt 0:00:03]} Rd2+ {[%emt 0:00:00]} 43. Ke3 {[%emt 0:00:05]} 1-0

[Event "European Online Club-ch-C 2021"]
[Site "Online"]
[Date "2021.03.27"]
[Round "5.4"]
[White "Deveci, Huseyin Said"]
[Black "Krejci, Jan"]
[Result "0-1"]
[WhiteElo "1521"]
[BlackElo "2540"]
[Annotator "ChessBase"]
[PlyCount "124"]
[EventDate "2021.03.27"]
[EventType "team-tourn"]
[EventCountry "NET"]
[SourceTitle "playchess.com"]
[Source "ChessBase"]
[SourceQuality "1"]
[TimeControl "900+5"]

1. e4 {[%emt 0:00:00]} e5 {[%emt 0:00:03]} 2. Nf3 {[%emt 0:00:03]} Nc6 {[%emt 0:00:01]} 3. Bb5 {[%emt 0:00:02]} a6 {[%emt 0:00:03]} 4. Bxc6 {[%emt 0:00:04]} dxc6 {[%emt 0:00:02]} 5. O-O {[%emt 0:00:01]} Qf6 {[%emt 0:00:05]} 6. d4 {[%emt 0:00:38]} exd4 {[%emt 0:00:03]} 7. Qxd4 {[%emt 0:00:26]} Bg4 {[%emt 0:01:20]} 8. e5 {[%emt 0:00:53]} Qg6 {[%emt 0:00:20]} 9. Ng5 {[%emt 0:01:36]} Bd7 {[%emt 0:01:26]} 10. Nc3 {[%emt 0:02:23]} Be7 {[%emt 0:00:32]} 11. f4 {[%emt 0:01:11]} Nh6 {[%emt 0:00:32]} 12. Kh1 {[%emt 0:00:41]} Nf5 {[%emt 0:00:33]} 13. Qd3 {[%emt 0:00:38]} h6 {[%emt 0:00:33]} 14. Nf3 {[%emt 0:00:45]} O-O-O {[%emt 0:00:22]} 15. Be3 {[%emt 0:01:04]} Be6 {[%emt 0:00:21]} 16. Qe4 {[%emt 0:02:13]} Bd5 {[%emt 0:02:27]} 17. Nxd5 {[%emt 0:00:24]} Rxd5 {[%emt 0:00:00]} 18. Kg1 {[%emt 0:02:02]} Nxe3 {[%emt 0:00:03]} 19. Qxg6 {[%emt 0:00:01]} fxg6 {[%emt 0:00:03]} 20. Rf2 {[%emt 0:00:02]} Bc5 {[%emt 0:00:09]} 21. Kh1 {[%emt 0:00:56]} Rhd8 {[%emt 0:00:25]} 22. Re2 {[%emt 0:00:30]} Rd1+ {[%emt 0:00:09]} 23. Rxd1 {[%emt 0:00:02]} Rxd1+ {[%emt 0:00:01]} 24. Re1 {[%emt 0:00:01]} Rxe1+ {[%emt 0:00:12]} 25. Nxe1 {[%emt 0:00:01]} Kd7 {[%emt 0:00:02]} 26. h3 {[%emt 0:00:04]} Ke6 {[%emt 0:00:04]} 27. Nd3 {[%emt 0:00:04]} Bb6 {[%emt 0:00:05]} 28. c3 {[%emt 0:00:01]} c5 {[%emt 0:00:16]} 29. g3 {[%emt 0:00:03]} c4 {[%emt 0:00:02]} 30. Ne1 {[%emt 0:00:25]} Nd1 {[%emt 0:00:04]} 31. b3 {[%emt 0:00:05]} cxb3 {[%emt 0:00:04]} 32. axb3 {[%emt 0:00:01]} Nxc3 {[%emt 0:00:02]} 33. Kg2 {[%emt 0:00:01]} Nb5 {[%emt 0:00:18]} 34. Kf3 {[%emt 0:00:02]} Nd4+ {[%emt 0:00:02]} 35. Ke4 {[%emt 0:00:01]} Nxb3 {[%emt 0:00:02]} 36. g4 {[%emt 0:00:07]} Nc5+ {[%emt 0:00:02]} 37. Kf3 {[%emt 0:00:01]} a5 {[%emt 0:00:04]} 38. Nc2 {[%emt 0:00:04]} a4 {[%emt 0:00:25]} 39. Na3 {[%emt 0:00:02]} g5 {[%emt 0:00:13]} 40. Nc4 {[%emt 0:00:10]} gxf4 {[%emt 0:00:08]} 41. Kxf4 {[%emt 0:00:02]} g5+ {[%emt 0:00:02]} 42. Kf3 {[%emt 0:00:03]} Nd7 {[%emt 0:00:05]} 43. Ke4 {[%emt 0:00:04]} Bc5 {[%emt 0:00:03]} 44. Na5 {[%emt 0:00:24]} a3 {[%emt 0:00:07]} 45. Nb3 {[%emt 0:00:08]} a2 {[%emt 0:00:05]} 46. Na1 {[%emt 0:00:08]} Nxe5 {[%emt 0:00:04]} 47. Nb3 {[%emt 0:00:03]} b6 {[%emt 0:00:07]} 48. Na1 {[%emt 0:00:02]} Nf7 {[%emt 0:00:05]} 49. Nb3 {[%emt 0:00:02]} Nd6+ {[%emt 0:00:01]} 50. Kf3 {[%emt 0:00:03]} Kd5 {[%emt 0:00:02]} 51. Na1 {[%emt 0:00:03]} Bd4 {[%emt 0:00:05]} 52. Nb3 {[%emt 0:00:02]} a1=Q {[%emt 0:00:02]} 53. Nxa1 {[%emt 0:00:01]} Bxa1 {[%emt 0:00:01]} 54. Kg3 {[%emt 0:00:08]} b5 {[%emt 0:00:05]} 55. h4 {[%emt 0:00:02]} b4 {[%emt 0:00:05]} 56. hxg5 {[%emt 0:00:03]} hxg5 {[%emt 0:00:00]} 57. Kf3 {[%emt 0:00:05]} b3 {[%emt 0:00:01]} 58. Ke3 {[%emt 0:00:02]} b2 {[%emt 0:00:02]} 59. Kf3 {[%emt 0:00:02]} b1=Q {[%emt 0:00:02]} 60. Ke3 {[%emt 0:00:01]} Qe1+ {[%emt 0:00:04]} 61. Kf3 {[%emt 0:00:02]} Qf1+ {[%emt 0:00:02]} 62. Kg3 {[%emt 0:00:02]} Be5# {[%emt 0:00:03]} 0-1